|
|
|
|
| LEADER |
00000nam0a2200000 4500 |
| 001 |
262480 |
| 005 |
20231101233645.0 |
| 010 |
|
|
|a 9785917684703
|
| 010 |
|
|
|a 978-5-16-009598-1
|
| 035 |
|
|
|a (RuTPU)RU\TPU\book\285463
|
| 090 |
|
|
|a 262480
|
| 100 |
|
|
|a 20140602d2014 m y0rusy50 ca
|
| 101 |
0 |
|
|a rus
|
| 102 |
|
|
|a RU
|
| 105 |
|
|
|a y j 001zy
|
| 200 |
1 |
|
|a Математические методы в современных социальных науках
|e учебное пособие
|f Г. В. Осипов, В. А. Лисичкин
|g Российская академия наук (РАН), Институт социально-политических исследований (ИСПИ) ; Московский государственный университет им. М. В. Ломоносова (МГУ), Высшая школа современных социальных наук, Общество социальных наук ; под ред. В. А. Садовничого
|
| 210 |
|
|
|a Москва
|c Инфра-М
|c Норма
|d 2014
|
| 215 |
|
|
|a 383 с.
|
| 225 |
1 |
|
|a Социальные науки и математика
|
| 320 |
|
|
|a Библиогр.: с. 382-383.
|
| 330 |
|
|
|a Рассмотрены проблемы выборки, группировки и классификации, в том числе многомерной, вариации в изучении взаимосвязей социальных явлений. Особое место уделено факторному, латентному анализу. Проанализированы вероятностные основы статистической теории и ее применение в социальных науках. Предложены методы анализа динамики социальных явлений и процессов. Завершается книга рассмотрением методов изучения социально-психологической установки и анализа дифференциальных моделей спроса. Для студентов, магистрантов, бакалавров, аспирантов и преподавателей высших учебных заведений.
|
| 606 |
1 |
|
|a Социологические исследования
|2 stltpush
|3 (RuTPU)RU\TPU\subj\37919
|9 58679
|
| 610 |
1 |
|
|a социология
|
| 610 |
1 |
|
|a математические методы
|
| 610 |
1 |
|
|a выборка
|
| 610 |
1 |
|
|a первичная обработка
|
| 610 |
1 |
|
|a группировка
|
| 610 |
1 |
|
|a абсолютные показатели
|
| 610 |
1 |
|
|a линейные динамические процессы
|
| 610 |
1 |
|
|a нелинейные динамические процессы
|
| 610 |
1 |
|
|a латентный анализ
|
| 610 |
1 |
|
|a социально-экономические явления
|
| 610 |
1 |
|
|a статистическая теория
|
| 610 |
1 |
|
|a социально-психологические установки
|
| 610 |
1 |
|
|a спрос
|
| 610 |
1 |
|
|a предложение
|
| 610 |
1 |
|
|a кривые Торнквиста
|
| 610 |
1 |
|
|a дифракционные методы
|
| 610 |
1 |
|
|a показатели
|
| 610 |
1 |
|
|a регрессии
|
| 610 |
1 |
|
|a динамика
|
| 610 |
1 |
|
|a интерполяции
|
| 610 |
1 |
|
|a прогнозирование
|
| 610 |
1 |
|
|a шкалы
|
| 610 |
1 |
|
|a учебные пособия
|
| 686 |
|
|
|a С5вя73
|v LBC/SL-A
|2 rubbk
|
| 700 |
|
1 |
|a Осипов
|b Г. В.
|g Геннадий Васильевич
|
| 701 |
|
1 |
|a Лисичкин
|b В. А.
|g Владимир Александрович
|
| 702 |
|
1 |
|a Садовничий
|b В. А.
|g Виктор Антонович
|4 340
|
| 712 |
0 |
2 |
|a Российская академия наук (РАН)
|b Институт социально-политических исследований (ИСПИ)
|c (Москва)
|2 stltpush
|3 (RuTPU)RU\TPU\col\6682
|
| 712 |
0 |
2 |
|a Московский государственный университет им. М. В. Ломоносова (МГУ)
|b Высшая школа современных социальных наук
|b Общество социальных наук
|2 stltpush
|3 (RuTPU)RU\TPU\col\7
|
| 801 |
|
1 |
|a RU
|b 63413507
|c 20140602
|
| 801 |
|
2 |
|a RU
|b 63413507
|c 20190729
|g RCR
|
| 900 |
|
|
|a Математические методы в социологии
|
| 942 |
|
|
|c BK
|
| 959 |
|
|
|a 89/20140527
|d 2
|e 499,90
|f ЧЗТЛ:1
|f АНЛ:1
|